000 00586nam a2200193Ia 4500
003 GCL
008 140319s9999 xx 000 0 ara d
040 _aGCL /
_cGCL
082 0 4 _a214.7
_bم ن
100 1 _aمصطفى عبده
245 1 0 _aالنحت والتصوير :
_bبين الاباحة والتحريم /
_cمصطفى عبده
250 _aالثانية
260 _aالقاهرة :
_bمكتبة مدبولى ،
_c1999
300 _a80 ص ؛
_c24 سم
650 0 4 _aالنحت
650 0 4 _aالتصوير
650 0 4 _aالاسلام والفن
942 _2ddc
_cBK
999 _c6476
_d6476